| 000 | 00499nam a2200169Ia 4500 | ||
|---|---|---|---|
| 999 |
_c29845 _d29845 |
||
| 003 | OSt | ||
| 005 | 20210107130636.0 | ||
| 008 | 190216s9999||||xx |||||||||||||| ||und|| | ||
| 040 | _coclc | ||
| 082 |
_a894.812 _bCHA/K |
||
| 100 |
_aChandrasekharan, Melath _96881 |
||
| 245 | 0 |
_aKavithayude Lokangal / _cMelath Chandrasekharan |
|
| 260 |
_bThulunad Publications, _c2008. _aKanhangad: |
||
| 300 | _a98p | ||
| 650 | _aPadanam | ||
| 942 |
_cBK _2ddc _h894.812 _iCHA/K _k894.812 _mCHA/K |
||